| 000 | 00000nas 2200000za 4500 |
| 001 | 9.846809 |
| 003 | CaOODSP |
| 005 | 20221107153307 |
| 007 | cr ||||||||||| |
| 008 | 171108d19901995oncmr p oss f0###a0eng|d |
| 022 | |y1180-5099 |
| 040 | |aCaOODSP|beng |
| 041 | |aeng|afre |
| 043 | |an-cn--- |
| 086 | 1 |aCS36-003-PDF |
| 245 | 00|aParticleboard, waferboard and fibreboard |h[electronic resource] = |bPanneaux agglomérés, panneaux gaufrés et panneaux de fibres. |
| 246 | 11|aPanneaux agglomérés, panneaux gaufrés et panneaux de fibres |
| 246 | 13|aPanneaux agglomérés, gaufrés et de fibres |
| 260 | |aOttawa : |bStatistics Canada = Statistique Canada, |c1990- 1996. |
| 310 | |aMonthly |
| 362 | 0 |aVol. 26, no. 1 (Jan. 1990)-v. 31, no. 12 (Dec. 1995). |
| 500 | |aDigitized edition from print [produced by Statistics Canada]. |
| 520 | |aShows the production, stocks and shipments (domestic by region/province of destination and exports) from mills producing particleboard, waferboard and/or fibreboard. The December issue includes a list of reporting firms. |
| 546 | |aText in English and French. |
| 692 | 07|2gccst|aManufacturing industry |
| 710 | 1 |aCanada. |bStatistics Canada. |bIndustry Division. |
| 780 | 00|tParticleboard, waferboard and hardboard |w(CaOODSP)9.846802 |
| 785 | 00|tParticleboard, oriented strandboard and fibreboard |w(CaOODSP)9.500055 |
| 792 | |tParticleboard, waferboard and fibreboard |efre|w(CaOODSP)9.846812 |